000 00296nam a22001217a 4500
003 SGT
082 _a347.09
_bSIN
100 _aSINGH SURABHI
245 _aALTERNATE DISPUTE RESOLUTION MECHANISM ROLE OF LEGAL AID IN THE SETTLEMENT OF DISPUTE
260 _c2020
300 _a129
942 _2ddc
_cTH
999 _c34038
_d34038